[Event "EU-Cup 14th final"]
[Site "Belgrade"]
[Date "1999.01.12"]
[Round "2"]
[White "Tyomkin, Dimitri"]
[Black "Czerwonski, Aleksander"]
[Result "1-0"]
[WhiteElo "2465"]
[BlackElo "2390"]
[Annotator "Tyomkin,D"]
[PlyCount "55"]
[EventDate "1999.01.11"]
[EventType "team-k.o."]
[EventRounds "3"]
[EventCountry "YUG"]
[SourceTitle "EXT 2020"]
[Source "ChessBase"]
[SourceDate "2019.10.17"]
[SourceVersion "1"]
[SourceVersionDate "2019.10.17"]
[SourceQuality "1"]
[WhiteTeam "Petah-Tikva Elitzur"]
[BlackTeam "Gorzow Stilon Welkopolski"]
[WhiteTeamCountry "ISR"]
[BlackTeamCountry "POL"]

{That was the game from the match Elitzur(Israel) against Stilon(Poland) of
European Cup(Final) in Beograd.} 1. d4 d6 2. c4 e5 3. d5 {This setup(with 4.e4
even on 3..f5!) is working out by A.Mikhalevski.} g6 4. e4 Bg7 5. Bd3 Ne7 {
Black wants to get King's Indian with 2 tempo's up(not losing time to move N
from f6 for f7-f5).} 6. h4 $1 {[%mdl 4] /\h5.Very usefull while N developed
on-e7.} (6. Nc3 Na6 7. Bc2 O-O 8. Nge2 f5 9. exf5 Bxf5 (9... gxf5 $142) 10. O-O
$14 {1-0 MEDANCIC-CUGINI/TOSCOLANO 1995 (49)}) 6... Nd7 7. Nc3 f5 $2 $146 {
[%mdl 8192] This logical move is losing on force!} (7... Nc5 $142 8. Bc2 f5 9.
exf5 (9. h5 f4 $5) 9... Nxf5 10. h5 (10. b4 $5) (10. Bg5 $142) 10... Nd4 11.
Bb1 (11. hxg6 Qf6 $36 {[%cal Gd4c2,Yc8f5]}) 11... Qf6 12. Be3 O-O 13. hxg6 $2
Bf5 $1 14. gxh7+ Kh8 $40 {0-1 Tyomkin,D-Kantarji,P/Tel-Aviv 1998 (25)}) (7...
Nf6 8. f3 Nh5 9. Nge2 f5 10. Be3 O-O 11. Qd2 c5 12. O-O-O Bd7 13. exf5 gxf5 14.
g4 (14. Rdg1 {[%cal Gg2g4]} f4 15. Bf2 Nf5 16. Ne4 Bh6 $1 {[%cal Gh5g3]}) 14...
fxg4 15. fxg4 Bxg4 16. Rdg1 $44 {0-1 Tyomkin,D-Kanstler,B/Israel 1997/CBM 58/
[Tyomkin,D] (33)}) 8. exf5 gxf5 {[%tqu "En","","","","d3f5","That's very
importent that anybody gets winning position in early stage of the match.All
our opponents were in some pressure because they knew that they actually start
the match while losing 0-1.",5,"d1h5","",0]} 9. Bxf5 $1 {That's very importent
that anybody gets winning position in early stage of the match in the team
competition.All our opponents were in some pressure because they knew that
they actually start the match while losing 0-1.} (9. Qh5+ $2 Kf8 10. Bxf5 $140
$2 Nf6 {[%csl Rf5]}) 9... Nxf5 10. Qh5+ Kf8 11. Qxf5+ Kg8 {Here I thought were
to move back my queen,and understood that the best to leave it there.} 12. Nge2
$1 {Intending Ng3 with the control over squares e4 and f5.} Nc5 (12... Nb6 13.
Qd3) (12... Nf6 13. Qd3) 13. Qc2 Qf6 14. Ng3 Bd7 15. Be3 {[%csl Ye4][%cal
Ge3c5]} (15. Bg5 Qg6) 15... Rf8 16. Bxc5 dxc5 17. Nce4 {White pieces are
dominated.} Qe7 18. O-O-O Rf4 19. h5 Bh6 20. Kb1 Kg7 21. d6 cxd6 22. Rxd6 b6
23. Rhd1 Bc8 24. R1d5 {Planning to triple pieces on d-line.The right order-the
queen should be behind rooks.} Re8 25. Qd3 {[%cal Gd6d8,Rd6d7]} Qh4 26. Rd8
Rff8 27. Rxe8 Rxe8 28. Nd6 {[%csl Re8][%cal Rd6f5]} 1-0

[Event "FRA-ch60 Championnat"]
[Site "Clermont Ferrand"]
[Date "1985.08.26"]
[Round "9"]
[White "Bernard, Christophe"]
[Black "Seret, Jean Luc"]
[Result "0-1"]
[WhiteElo "2310"]
[BlackElo "2455"]
[Annotator "Villeneuve,A/Primel,D"]
[PlyCount "130"]
[EventDate "1985.08.17"]
[EventType "swiss"]
[EventRounds "13"]
[EventCountry "FRA"]
[SourceTitle "EXT 2004"]
[Source "ChessBase"]
[SourceDate "2003.11.25"]
[SourceVersion "1"]
[SourceVersionDate "2003.11.25"]
[SourceQuality "1"]

1. d4 {Duel théorique intéressant entre deux joueurs de défense Pirc et une
partie importante pour l'attribution du titre car avec 5/8, les deux
adversaires conservaient des chances de podium.} g6 2. Nf3 Bg7 3. g3 d6 4. Bg2
Nd7 (4... Nf6 5. c4 {Retombe sur une Est-Indienne mais les noirs préfèrent
choisir ensuite une défense moderne avec Ne7}) 5. c4 e5 6. Nc3 Ne7 {[%cal
Gf7f5,Ge8g8] A noter que cette ouverture était alors appelée sous le nom de
défense ROBATSCH, du nom du GMI autrichien peu connu mais aujourd'hui seule
l'appellation de défense Moderne est utilisée.} 7. O-O (7. e4 {Qendro,L-Seret,
J (2410) Luzern ol (Men) 1982 (13) 0-1}) 7... O-O 8. Rb1 $6 {Trés peu joué et
un peu douteux car ce coup serait plus logique si les noirs avaient joué Nc6
ou "c7c6"} (8. e4 $142 {La grande ligne} exd4 9. Nxd4 Nc6 10. Nde2 $1 {[%csl
Rc6][%cal Ga1b1,Gb2b4,Gb4b5] Après Nc6, le plan Rb1,b4b5 sera plus fort} (10.
Nxc6 $143 bxc6 11. Bd2 Rb8 $132 {[%cal Gb8b2]} 12. b3) 10... a5 {[%csl Gb5]
Les noirs ont fait la concession d'une case faible en "b5"} (10... Nc5 {
Smejkal,J (2565)-Seret,J (2410) Malta ol (Men) 1980 (2) 1-0})) 8... exd4 9.
Nxd4 Ne5 (9... Nb6 10. Qd3 d5 11. cxd5 Nexd5 12. Nxd5 Nxd5 13. Rd1 $14 {
[%cal Ge2e4]}) 10. b3 a6 $146 {Une amélioration logique sur la partie de
Londres 1977 où les noirs s'étaient trompés dans l'ordre de coups en jouant c5
avant a6} (10... c5 $143 $2 11. Ndb5 {[%csl Gb5,Rd6]} Nf5 12. Ne4 $40 {[%cal
Ge4d6,Gb5d6]} Nd4 13. Nexd6 Bg4 14. f3 a6 15. Nxd4 Qxd6 16. Nc2 Qxd1 17. Rxd1
Be6 18. Ba3 Nd7 19. f4 Rab8 20. Bb2 b5 21. Bxg7 Kxg7 22. Ne3 Nf6 23. Rbc1 bxc4
24. Nxc4 Bxc4 25. Rxc4 {Birnboim,N (2440)-Wicker,K (2310)/London 1977/EXT 2008/
1-0 (33)}) 11. Bb2 Rb8 {[%cal Gb7b5]} 12. h3 c5 $1 13. Nc2 b5 $132 14. cxb5
axb5 15. Ne4 (15. Qd2 Bf5 $1 16. Rfd1 (16. Rbd1) (16. e4 $2 Bxh3 {[%csl Rf3]}))
15... Bf5 $1 16. Ne3 Bxe4 17. Bxe4 Qd7 18. Bg2 N5c6 {[%csl Rd4][%cal Gc6d4]}
19. Bxg7 Kxg7 20. Qd2 Nd4 $11 {[%csl Gd4]} 21. Rbd1 (21. Nc2 Ne6 (21... Nxc2
22. Qxc2 Qe6 23. Rfd1 b4 24. Qb2+ f6 25. Rbc1 Rfd8) 22. Rfd1) 21... Qe6 22.
Rfe1 h5 23. Nc2 $1 Nxc2 24. Qxc2 Rfd8 25. Rd2 Rbc8 26. Red1 {il est difficile
pour les blancs d'améliorer leur position et "d6" est facile а protéger car
les blancs n'ont pas de pièces mineures pour attaquer les cases noires.} Kg8
27. a4 $5 {Les blancs jouent pour le gain en se créant un P passé soutenu par
le Bg2 mais en contrepartie les noirs obtiennent une P passé c5 et un fort
centre "c5d5"} (27. Kh2 d5) 27... bxa4 28. bxa4 d5 $13 29. e3 {[%csl Gd4]} Rd6
30. Qa2 (30. a5 $5 Qd7 31. e4 d4 32. Bf1 c4 33. Bxc4 Nc6 (33... Qxh3 34. e5 $40
(34. Qb3 {[%csl Rf7]}))) 30... c4 {Ce P sera trés rapide} 31. e4 $1 (31. a5 c3
32. Rc2 Rdc6 33. h4 {[%csl Rd5][%cal Gg2d5]}) 31... c3 $5 (31... d4 $5 32. Rxd4
Rxd4 33. Rxd4 c3) 32. exd5 Qf6 33. Rd3 Rb6 $36 34. Rf3 Nf5 35. Rc1 Qd4 36. Qa3
$2 (36. Bf1 Kg7) 36... c2 $1 37. Rd3 $2 {[%tqu "En","Comment les noirs
peuvent-il profiter de la force du P passé 'c2'?","","","d4b2","Gagne sur le
champ",50]} Rb1 $2 {Un sacrifice de Q (en fait, il s'agit seulement d'un gain
de qualité) joli ...mais inutile!} (37... Qb2 $142 $1 {[%cal Gb2a3,Gb2c1,Gb6b1]
Gagne sur le champ}) 38. Rxd4 Rxc1+ (38... Nxd4) 39. Qxc1 Nxd4 {la fourchette
récupère la qualité Q mais le gain des noirs s'est compliquée} 40. Kh2 Nb3 41.
Qe3 c1=Q 42. Qxb3 $13 {[%csl Ga4,Gd5] Une position peu claire а ajourner même
si les P blancs ne sont pas encore trés dangereux et les noirs restent mieux.}
Qd2 43. Qf3 (43. d6 Qxd6 44. a5 Qd4) 43... Rc2 (43... Rc3 $1 44. Qf6 Rc2 45.
Kg1 Qd1+ 46. Kh2 (46. Bf1 Qxd5 $17) 46... Qe1 {[%cal Ge1f2]}) 44. Kg1 Ra2 45.
Bf1 Rxa4 $17 46. Qe2 Qd4 47. Qe3 $6 Qxe3 $19 48. fxe3 Ra2 49. Bb5 Rd2 50. Bc4
Kf8 51. Kf1 Rc2 (51... Ke7) 52. Be2 Ke7 53. Bb5 Rd2 54. Bc6 Kd6 55. Be8 Rxd5
56. e4 Rd3 57. Ke2 Rxg3 58. Bxf7 Ke5 59. Kf2 h4 60. Be8 Kxe4 61. Bd7 Rb3 62.
Be8 Rb2+ 63. Ke1 g5 64. Bd7 Kf4 65. Kf1 Kg3 {[%mdl 64]} 0-1

[Event "Bonn GSK"]
[Site "Bonn"]
[Date "1995.??.??"]
[Round "1"]
[White "Podzielny, Karl Heinz"]
[Black "Maiwald, Jens Uwe"]
[Result "1-0"]
[WhiteElo "2455"]
[BlackElo "2455"]
[Annotator "Von Gleich,A"]
[PlyCount "67"]
[EventDate "1995.??.??"]
[EventType "tourn"]
[EventRounds "11"]
[EventCountry "GER"]
[EventCategory "8"]
[SourceTitle "CBM 045"]
[Source "ChessBase"]
[SourceDate "1995.04.01"]
[SourceVersion "1"]
[SourceVersionDate "1995.04.01"]
[SourceQuality "1"]

1. d4 {Ftacnik} d6 2. Nf3 Bg4 3. c4 (3. e4 Nf6 4. Bd3 e6) 3... Nd7 4. Nc3 e5 5.
d5 Be7 6. h3 Bh5 $6 (6... Bxf3 7. gxf3 $1 (7. exf3 Bg5 $10) 7... Bg5 (7... Ngf6
{Ftacnik} 8. e3 $14) 8. e3 $14) 7. g4 Bg6 8. h4 h6 (8... h5 9. g5 {Schwarz hat
Schwierigkeiten, den Königsflügel zu entwickeln.}) 9. Be3 a6 $6 (9... Ngf6 10.
Bh3 h5 11. g5 Ng4) 10. Bh3 Rb8 11. Qa4 e4 12. Nd2 Bxh4 13. g5 (13. Ndxe4 $6
Ngf6 14. Nd2 Qe7 $132 15. g5 $2 (15. Bd4 {Ftacnik} O-O 16. Nf3 Bg5 17. Nxg5
hxg5 18. O-O-O $14) 15... Qxe3) 13... f5 $1 (13... hxg5 $2 14. Bxg5 Bxg5 15.
Bxd7+ Qxd7 16. Qxd7+ Kxd7 17. Rxh8 $18) 14. gxf6 (14. Ndxe4 hxg5 (14... fxe4
15. Bxd7+ Qxd7 16. Qxd7+ Kxd7 17. Rxh4 $16) 15. Bxf5 $2 Bxf5 16. Bxg5 Bxg5 17.
Rxh8 Kf7 (17... Kf7 {Ftacnik} 18. Rh5 Bxe4 19. Nxe4 Bh6 $13)) 14... Bxf6 15.
Rg1 Ne7 16. c5 $1 (16. Ndxe4 {Ftacnik} Bf5 17. Nxf6+ gxf6 $14) 16... dxc5 17.
d6 cxd6 18. Rxg6 $2 (18. Nc4 b5 (18... Qc7 19. O-O-O Bxc3 20. bxc3 (20. Bxd7+ {
Ftacnik} Kf8 21. bxc3 b5 22. Qxa6 bxc4 23. Rxd6 $16) 20... b5 21. Nxd6+ Qxd6
22. Rxd6 bxa4 23. Bxd7+ Kf7 24. Bxc5 $18) 19. Nxd6+ Kf8 20. Qc2 Bxc3+ 21. bxc3
Qc7 22. O-O-O Nf6 23. Rxg6 Nxg6 24. Nxe4 Nxe4 25. Qxe4 {Weiß hat sehr starken
Angriff, der mindestens zum Remis reichen sollte.}) 18... Nxg6 19. Ncxe4 b5 20.
Nxd6+ Kf8 (20... Ke7 {Ftacnik} 21. Nf5+ Kf8 $15) 21. Qe4 (21. Qg4 $2 Nde5 $19 (
21... Nde5 {Ftacnik} 22. Qe6 Qe7 $17)) 21... Qe7 22. Qd5 {[#]} Nb6 23. Qxc5 Kg8
(23... Na4 24. Qc6 Bxb2 25. Rd1 $44) 24. N2e4 Bxb2 25. Rd1 Be5 26. Qc6 Nf4 27.
Bxf4 (27. Bxb6 {Ftacnik} Bxd6 28. Rxd6 Nxh3 $17) 27... Bxf4 28. Nf5 Qe8 (28...
Qf7 29. Nh4 Qh5 30. Be6+ Kf8 31. Qc5+ Qxc5 32. Ng6+ Ke8 33. Nxc5 $18 {sei nur
eine Nebenvariante, die die vorzüglichen weißen Angriffschancen zu
illustrieren vermag.}) 29. Qc2 Nc4 30. Qd3 Qe5 (30... Nb2 31. Qd5+ Qf7 32.
Qxf7+ Kxf7 33. Rd7+ Kf8 34. Nxg7 Be5 35. Be6 Bxg7 36. Rf7+ Kg8 37. Rb7+ Kf8 38.
Rxb8+ Ke7 39. Bc8 $1) 31. Qd7 Bg5 $2 (31... Nb6 $1 {Ftacnik}) 32. f4 $1 Bxf4 (
32... Nb6 33. fxe5 Nxd7 34. Rxd7 $18) 33. Ne7+ Qxe7 (33... Kh7 {Ftacnik} 34.
Bf5+ g6 35. Nc8+ Qg7 36. Nf6#) 34. Qxe7 1-0